00849 2200313 4500001002100000005001500021035002000036007000300056040001700059100002800076245004300104250001000147300003200157504002800189020001800217041000800235082001200243084001800255090002700273264003900300336002100339337003000360338002300390650002700413850001000440008004100450990002200491990002200513INLIS00000000000942620260420024928 a0010-1222000031ta aSBPUPADbind0 aSonya Darti:ePengarang1 aSukses Beternek Kelinci /cSonya Darti aCet.1 av 98 hlm. :bilus. ;c14 cm abibiliografi, hlm 97-98 a979-507-311-70 aind a636.932 a636.932 SON s a636.932 SON s L 19 R 9 aJakarta :bMitra Gama Widya,c2001 2rdacontentateks 2rdamediaatanpa perantara 2rdacarrieravolume 4aTeknologi Keterampilan aPUPAD260420 0  a2308/H/ARPUS/2007 a2309/H/ARPUS/2007